Абсолютный возраст геологических формаций: Международный геологический конгресс, XXII сессия, 1964 г.; доклады советских геологов, проблема 3

Dades bibliogràfiques
Autor corporatiu: СССР Государственный геологический комитет, Абсолютный возраст геологических формаций
Altres autors: Афанасьев Г. Д. (редактор)
Idioma:rus
Publicat: Москва, Наука, 1964
Matèries:
Format: MixedMaterials Llibre
KOHA link:https://koha.lib.tpu.ru/cgi-bin/koha/opac-detail.pl?biblionumber=254925

MARC

LEADER 00000nam0a2200000 4500
001 254925
005 20231101232959.0
035 |a (RuTPU)RU\TPU\book\277427 
090 |a 254925 
100 |a 20140325d1964 k y0rusy50 ca 
101 0 |a rus 
102 |a RU 
105 |a b z 001zy 
200 1 |a Абсолютный возраст геологических формаций  |e Международный геологический конгресс, XXII сессия, 1964 г.  |e доклады советских геологов, проблема 3  |f СССР, Государственный геологический комитет ; под ред. Г. Д. Афанасьева 
210 |a Москва  |c Наука  |d 1964 
215 |a 462 с.  |c карты 
320 |a Библиогр. в конце докл. 
606 1 |a Геологические формации  |x Возраст  |2 stltpush  |3 (RuTPU)RU\TPU\subj\6080  |9 34040 
610 1 |a исследования 
610 1 |a сессия 
610 1 |a палеозой 
610 1 |a пробы 
610 1 |a геохронология 
610 1 |a горные породы 
610 1 |a магматические породы 
610 1 |a изверженные породы 
610 1 |a метаморфические горные породы 
675 |a 550.93  |v 3 
702 1 |a Афанасьев  |b Г. Д.  |4 340 
712 0 1 |a СССР  |b Государственный геологический комитет  |c (1963-1965)  |2 stltpush  |3 (RuTPU)RU\TPU\col\8031  |9 24457 
712 1 2 |a Абсолютный возраст геологических формаций  |c сессия  |d XXII  |e Москва  |f 1964 
801 1 |a RU  |b 63413507  |c 20140325 
801 2 |a RU  |b 63413507  |c 20140416  |g RCR 
942 |c BK